| 000 | 00424nam a2200181Ia 4500 | ||
|---|---|---|---|
| 005 | 20250603144644.0 | ||
| 008 | 250603s9999 xx 000 0 und d | ||
| 020 | _a1-84216-682-4 | ||
| 050 | _aPE 1128 .E93/ | ||
| 100 | _aEvans, Virginia | ||
| 245 | 0 | _aClick on 1 : student's book | |
| 260 | _aBerkshire | ||
| 260 | _bExpress Publishing | ||
| 260 | _c2002 | ||
| 300 | _a157 p | ||
| 650 | _aBerkshire | ||
| 942 | _cBK | ||
| 999 |
_c39560 _d39560 |
||